| 000 | 00627nam a22002177a 4500 | ||
|---|---|---|---|
| 003 | BUBTL | ||
| 008 | 231231b ||||| |||| 00| 0 eng d | ||
| 041 | _aEnglish | ||
| 082 |
_210th ed. _a001.42/ T31l/ 2015 |
||
| 100 |
_95534 _aTewari, Dr. H. N. |
||
| 245 |
_aLegal Research Methodology/ _bDr. H. N. Tewari |
||
| 250 | _a10th ed. | ||
| 260 |
_aDelhi _bAllahabad Law Agency _cc2015 |
||
| 300 |
_a[iv], 242 p. : _bill. ; 21 cm. |
||
| 526 | _aLaw | ||
| 650 | 0 |
_92102 _aLaw |
|
| 700 |
_95535 _aDr. H. N. Tewari |
||
| 856 |
_k0 _l0 _yDownload |
||
| 942 |
_2ddc _cBK |
||
| 999 |
_c7186 _d7186 |
||